Optimální hranice úrokové míry.

Úroková miera musí byť dostatočne atraktívna nielen pre dlžníkov, pre stranu dopytu, ale aj pre toho, kto úver poskytuje. Položky, ktoré úroková miera musí pokryť, aby bola atraktívna pre stranu ponuky. Súčasná úroková úverová politika zvýhodňuje podnikateľskú a podnikovú sféru na úkor drobného vkla...

Descrizione completa

Salvato in:
Dettagli Bibliografici
Autore principale: Plachký, M.
Natura: Capitolo di libro
Lingua:ceco
Soggetti:
Tags: Aggiungi Tag
Nessun Tag, puoi essere il primo ad aggiungerne!!

MARC

LEADER 00000naa a2200000 4500
001 r009630
005 20220831083925.9
041 0 |a cze 
044 |a [CS] 
245 1 0 |a Optimální hranice úrokové míry.  |c M. Plachký 
520 |a Úroková miera musí byť dostatočne atraktívna nielen pre dlžníkov, pre stranu dopytu, ale aj pre toho, kto úver poskytuje. Položky, ktoré úroková miera musí pokryť, aby bola atraktívna pre stranu ponuky. Súčasná úroková úverová politika zvýhodňuje podnikateľskú a podnikovú sféru na úkor drobného vkladateľa. Príčiny, prečo podniky žiadajú ďalšie zníženie úrokovej miery. 
610 2 0 |a miera úroková 
610 2 0 |a úver 
610 2 0 |a politika úverová 
610 2 0 |a banky 
610 2 0 |a ČSFR 
100 1 |a Plachký, M.